Catholic University of Zimbabwe Library
Online Public Access Catalogue
(OPAC)

Realizing Islam, Sustainable History Monograph Pilot OA Edition (Record no. 26997)

MARC details
000 -LEADER
fixed length control field 02558cam a22004934a 4500
001 - CONTROL NUMBER
control field muse91592
003 - CONTROL NUMBER IDENTIFIER
control field MdBmJHUP
005 - DATE AND TIME OF LATEST TRANSACTION
control field 20210127151759.0
006 - FIXED-LENGTH DATA ELEMENTS--ADDITIONAL MATERIAL CHARACTERISTICS
fixed length control field m o d
007 - PHYSICAL DESCRIPTION FIXED FIELD--GENERAL INFORMATION
fixed length control field cr||||||||nn|n
008 - FIXED-LENGTH DATA ELEMENTS--GENERAL INFORMATION
fixed length control field 200311s2020 ncu o 00 0 eng d
010 ## - LIBRARY OF CONGRESS CONTROL NUMBER
Canceled/invalid LC control number 2020010716
020 ## - INTERNATIONAL STANDARD BOOK NUMBER
International Standard Book Number 9781469660844
020 ## - INTERNATIONAL STANDARD BOOK NUMBER
Canceled/invalid ISBN 9781469660813
020 ## - INTERNATIONAL STANDARD BOOK NUMBER
Canceled/invalid ISBN 9781469660820
035 ## - SYSTEM CONTROL NUMBER
System control number (OCoLC)1179117629
040 ## - CATALOGING SOURCE
Original cataloging agency MdBmJHUP
Transcribing agency MdBmJHUP
043 ## - GEOGRAPHIC AREA CODE
Geographic area code ff-----
050 04 - LIBRARY OF CONGRESS CALL NUMBER
Classification number BP189.7.T5
Item number W75 2020
082 0# - DEWEY DECIMAL CLASSIFICATION NUMBER
Classification number 297.4/8
Edition number 23
100 1# - MAIN ENTRY--PERSONAL NAME
Personal name Wright, Zachary Valentine,
Relator term author.
245 10 - TITLE STATEMENT
Title Realizing Islam, Sustainable History Monograph Pilot OA Edition
Remainder of title The Tijaniyya in North Africa and the Eighteenth-Century Muslim World /
Statement of responsibility, etc. Zachary Valentine Wright.
264 #1 - PRODUCTION, PUBLICATION, DISTRIBUTION, MANUFACTURE, AND COPYRIGHT NOTICE
Name of producer, publisher, distributor, manufacturer The University of North Carolina Press,
264 #3 - PRODUCTION, PUBLICATION, DISTRIBUTION, MANUFACTURE, AND COPYRIGHT NOTICE
Name of producer, publisher, distributor, manufacturer Project MUSE,
300 ## - PHYSICAL DESCRIPTION
Extent 1 online resource (pages cm)
490 0# - SERIES STATEMENT
Series statement Islamic civilization and Muslim networks
504 ## - BIBLIOGRAPHY, ETC. NOTE
Bibliography, etc. note Includes bibliographical references and index.
506 0# - RESTRICTIONS ON ACCESS NOTE
Terms governing access Open Access
Standardized terminology for access restriction Unrestricted online access
Source of term star
520 ## - SUMMARY, ETC.
Summary, etc. "The Tijaniyya is the largest Sufi order in West and North Africa. In this unprecedented analysis of the Tijaniyya's origins and development in the late eighteenth century, Zachary Valentine Wright situates the order within the broader intellectual history of Islam in the early modern period. While introducing the group's founder, Ahmad al-Tijani (1735-1815), Wright's focus is on the wider network in which the order developed-a veritable global Islamic revival whose scholars commanded large followings, shared key ideas, and produced literature read widely throughout the Muslim world. They were linked, Wright shows, through chains of knowledge transmission in the face of widespread Muslim prejudice against Sufism"--
Assigning source Provided by publisher.
588 ## - SOURCE OF DESCRIPTION NOTE
Source of description note Description based on print version record.
600 11 - SUBJECT ADDED ENTRY--PERSONAL NAME
Personal name Tijānī, Abū al-ʻAbbās Aḥmad ibn Muḥammad,
Dates associated with a name 1737 or 1738-1815.
650 #0 - SUBJECT ADDED ENTRY--TOPICAL TERM
Topical term or geographic name entry element Islam
General subdivision History
Chronological subdivision 18th century.
650 #0 - SUBJECT ADDED ENTRY--TOPICAL TERM
Topical term or geographic name entry element Sufism
Geographic subdivision Africa, North.
650 #0 - SUBJECT ADDED ENTRY--TOPICAL TERM
Topical term or geographic name entry element Tijānīyah
Geographic subdivision Africa, North.
655 #7 - INDEX TERM--GENRE/FORM
Genre/form data or focus term Electronic books.
Source of term local
710 2# - ADDED ENTRY--CORPORATE NAME
Corporate name or jurisdiction name as entry element Project Muse.
Relator term distributor
830 #0 - SERIES ADDED ENTRY--UNIFORM TITLE
Uniform title Islamic civilization & Muslim networks.
830 #0 - SERIES ADDED ENTRY--UNIFORM TITLE
Uniform title Book collections on Project MUSE.
856 40 - ELECTRONIC LOCATION AND ACCESS
Public note Full text available:
Uniform Resource Identifier <a href="https://muse.jhu.edu/book/77197/">https://muse.jhu.edu/book/77197/</a>
Holdings
Withdrawn status Lost status Source of classification or shelving scheme Damaged status Not for loan Home library Current library Shelving location Date acquired Total Checkouts Full call number Date last seen Uniform Resource Identifier Price effective from Koha item type
          Digital Library Digital Library Online Access 27.01.2021   BP189.7.T5 W75 2020 27.01.2021 https://muse.jhu.edu/book/77197/ 27.01.2021 eBook

OPENING HOURS

Weekdays: 0815hrs - 1800hrs
Weekends:0900hrs - 1200hrs

Closed for Mass:

Mon, Thur: 1200hrs - 1300hrs
Sunday & Public Holiday’s

CALL SUPPORT

0242-570570, 0242-570169
09200664, +263 8644140602

LOCATION

18443, Cranborne Avenue, Hatfield, Harare

Other Links


©2021 | CUZ Library